000
00307nam a22001337a 4500
008
170605b xxu||||| |||| 00| 0 eng d
020
_a
0292760272
041
_a
eng
080
_a
94
100
_a
18
101
_a
SHH
245
_a
ORAL HISTORY A GUIDE FOR TEACHER
_c
SITTON.TH
942
_2
udc
_c
BK
999
_c
15945
_d
15945